Thương yêu và chết

Nội dung sách là những lời răn dạy của Phật giáo cũng như quan niệm, tư tưởng giữa tình yêu thương và chết

में बचाया:
ग्रंथसूची विवरण
मुख्य लेखक: Visuddhacara
स्वरूप: पुस्तक
भाषा:Undetermined
प्रकाशित: Hà Nội Tôn Giáo 2004
विषय:
टैग : टैग जोड़ें
कोई टैग नहीं, इस रिकॉर्ड को टैग करने वाले पहले व्यक्ति बनें!
Thư viện lưu trữ: Trung tâm Học liệu Trường Đại học Cần Thơ
LEADER 00703nam a2200205Ia 4500
001 CTU_91652
008 210402s9999 xx 000 0 und d
082 |a 294.3 
082 |b V833 
100 |a Visuddhacara 
245 0 |a Thương yêu và chết 
245 0 |c Visuddhacara; Trần Văn Huân dịch 
260 |a Hà Nội 
260 |b Tôn Giáo 
260 |c 2004 
520 |a Nội dung sách là những lời răn dạy của Phật giáo cũng như quan niệm, tư tưởng giữa tình yêu thương và chết 
650 |a Buddhism 
650 |x Biography 
904 |i Tuyến 
980 |a Trung tâm Học liệu Trường Đại học Cần Thơ